Week 5 Womens Basketball AP Poll - Statistics

General Stats
  • This quiz has been taken 3 times
  • The average score is 20 of 25
Answer Stats
Rank Change in Poll Team % Correct
12 Down 1 Iowa
100%
10 Stay Iowa State
100%
5 Stay LSU
100%
6 Stay Michigan
100%
18 Up 1 Notre Dame
100%
9 Stay Oklahoma
100%
3 Down 1 South Carolina
100%
2 Up 2 Texas
100%
4 Down 1 UCLA
100%
1 Stay UConn
100%
16 Up 2 USC
100%
15 Up 2 Vanderbilt
100%
14 Up 1 Baylor
67%
17 Down 1 Kentucky
67%
22 Up 1 Louisville
67%
7 Stay Maryland
67%
20 Stay Michigan State
67%
23 NR Ohio State
67%
24 Stay Oklahoma State
67%
13 Stay Ole Miss
67%
8 Stay TCU
67%
19 Down 5 Tennessee
67%
21 Up 1 Washington
67%
11 Up 1 UNC
33%
25 Down 4 West Virginia
33%
No matching quizzes found
Score Distribution
Percent of People with Each Score
Percentile by Number Answered
Your Score History
You have not taken this quiz